Jeu du pays frontalier le plus densément peuplé - Statistiques

Statistiques générales
  • Ce quiz a été pris 72 fois
    63 depuis la dernière actualisation
  • Le résultat moyen est 83 sur 154
Réponses sur la Carte
Les réponses sont colorées sur une échelle allant du rouge au vert en fonction du pourcentage des utilisateurs qui les ont devinées à leur premier essai. Vous pouvez retrouver ces pourcentages ci-dessous.
 
Statistiques - réponses
Pays % Correct
Monaco
100%
France
97%
Allemagne
63%
Autriche
63%
Belgique
63%
Italie
63%
Liechtenstein
63%
Luxembourg
63%
Pays-Bas
63%
Suisse
63%
Albanie
60%
Arabie Saoudite
60%
Arménie
60%
Azerbaïdjan
60%
Bangladesh
60%
Birmanie
60%
Brunei
60%
Cambodge
60%
Chine
60%
Corée du Nord
60%
Corée du Sud
60%
Émirats arabes unis
60%
Géorgie
60%
Grèce
60%
Hongrie
60%
Inde
60%
Indonésie
60%
Irak
60%
Iran
60%
Israël
60%
Jordanie
60%
Kosovo
60%
Koweït
60%
Laos
60%
Liban
60%
Malaisie
60%
Moldavie
60%
Oman
60%
Pakistan
60%
Papouasie-Nouvelle-Guinée
60%
Pologne
60%
Qatar
60%
République tchèque
60%
Roumanie
60%
Russie
60%
Saint-Marin
60%
Serbie
60%
Slovaquie
60%
Slovénie
60%
Syrie
60%
Thaïlande
60%
Timor oriental
60%
Turquie
60%
Ukraine
60%
Vatican
60%
Viêt Nam
60%
Yémen
60%
Afghanistan
57%
Biélorussie
57%
Estonie
57%
Finlande
57%
Kazakhstan
57%
Lettonie
57%
Lituanie
57%
Norvège
57%
Ouzbékistan
57%
Suède
57%
Tadjikistan
57%
Afrique du Sud
54%
Bhoutan
54%
Burundi
54%
Égypte
54%
Eswatini
54%
Éthiopie
54%
Kenya
54%
Kirghizistan
54%
Lesotho
54%
Malawi
54%
Mongolie
54%
Mozambique
54%
Népal
54%
Ouganda
54%
Rwanda
54%
Soudan
54%
Tanzanie
54%
Turkménistan
54%
Angola
51%
Bénin
51%
Burkina Faso
51%
Cameroun
51%
Côte d'Ivoire
51%
Espagne
51%
Gambie
51%
Ghana
51%
Guinée
51%
Guinée-Bissau
51%
Liberia
51%
Mali
51%
Maroc
51%
Mauritanie
51%
Niger
51%
Nigeria
51%
Rép. dém. du Congo
51%
Rép. du Congo
51%
Sénégal
51%
Sierra Leone
51%
Togo
51%
Zambie
51%
Zimbabwe
51%
Algérie
49%
Andorre
49%
Bosnie-Herzégovine
49%
Botswana
49%
Bulgarie
49%
Croatie
49%
Danemark
49%
Djibouti
49%
Érythrée
49%
Gabon
49%
Guinée équatoriale
49%
Irlande
49%
Libye
49%
Macédoine du Nord
49%
Monténégro
49%
Namibie
49%
Portugal
49%
Rép. Centrafricaine
49%
Royaume-Uni
49%
Somalie
49%
Soudan du Sud
49%
Tchad
49%
Tunisie
49%
Argentine
43%
Brésil
43%
Canada
43%
Etats-Unis
43%
Guatemala
43%
Mexique
43%
Salvador
43%
Chili
40%
Colombie
40%
Costa Rica
40%
Équateur
40%
Guyana
40%
Honduras
40%
Nicaragua
40%
Panama
40%
Pérou
40%
Suriname
40%
Venezuela
40%
Belize
37%
Bolivie
37%
Paraguay
37%
Uruguay
37%
Aucun quiz correspondant
Distribution des résultats
% des personnes avec chaque résultat
Percentile par nombre de réponses
Votre historique - résultats
Vous n’avez pas pris ce quiz depuis la dernière actualisation